[Event "ROU-chT 1st League 2019"]
[Site "Mamaia"]
[Date "2019.09.28"]
[Round "8.4"]
[White "Iordachescu, Viorel"]
[Black "Manolache, Marius"]
[Result "1/2-1/2"]
[WhiteElo "2602"]
[BlackElo "2548"]
[Annotator "ChessBase"]
[PlyCount "206"]
[EventDate "2019.09.21"]
[EventType "team-tourn"]
[EventCountry "ROU"]
[SourceTitle "playchess.com"]
[Source "ChessBase"]
[SourceQuality "1"]
[TimeControl "40/5400+30:1800+30"]

1. e4 {[%emt 0:00:00]} d6 {[%emt 0:00:24]} 2. d4 {[%emt 0:00:00]} Nf6 {[%emt 0:00:07]} 3. Nc3 {[%emt 0:00:25]} g6 {[%emt 0:00:09]} 4. Nf3 {[%emt 0:00:15]} Bg7 {[%emt 0:00:14]} 5. Be2 {[%emt 0:00:15]} O-O {[%emt 0:00:25]} 6. O-O {[%emt 0:00:05]} a6 {[%emt 0:01:10]} 7. Re1 {[%emt 0:02:14]} Nc6 {[%emt 0:02:10]} 8. d5 {[%emt 0:01:31]} Ne5 {[%emt 0:03:11]} 9. Nxe5 {[%emt 0:05:10]} dxe5 {[%emt 0:00:05]} 10. a4 {[%emt 0:01:49]} e6 {[%emt 0:05:48]} 11. Bc4 {[%emt 0:01:51]} exd5 {[%emt 0:01:08]} 12. Nxd5 {[%emt 0:00:32]} Nxd5 {[%emt 0:03:24]} 13. Bxd5 {[%emt 0:00:31]} Qe7 {[%emt 0:15:52]} 14. Be3 {[%emt 0:07:57]} Rb8 {[%emt 0:01:14]} 15. Qd2 {[%emt 0:07:12]} Rd8 {[%emt 0:13:07]} 16. Qc3 {[%emt 0:02:04]} Bf8 {[%emt 0:06:10]} 17. Rad1 {[%emt 0:14:27]} c6 {[%emt 0:02:15]} 18. Bb3 {[%emt 0:04:07]} Bg4 {[%emt 0:13:28]} 19. f3 {[%emt 0:00:54]} Rxd1 {[%emt 0:04:26]} 20. Rxd1 {[%emt 0:00:13]} Bd7 {[%emt 0:00:11]} 21. Qa5 {[%emt 0:09:47]} Be8 {[%emt 0:00:38]} 22. Bb6 {[%emt 0:05:11]} Rc8 {[%emt 0:00:29]} 23. Qd2 {[%emt 0:04:10]} Qf6 {[%emt 0:01:31]} 24. a5 {[%emt 0:01:57]} Be7 {[%emt 0:00:22]} 25. Bc4 {[%emt 0:01:44]} Kg7 {[%emt 0:00:32]} 26. Qc3 {[%emt 0:04:00]} Kg8 {[%emt 0:00:18]} 27. Rd3 {[%emt 0:05:39]} h5 {[%emt 0:08:58]} 28. Qd2 {[%emt 0:01:10]} Kg7 {[%emt 0:00:10]} 29. g3 {[%emt 0:02:02]} h4 {[%emt 0:00:41]} 30. Kg2 {[%emt 0:00:43]} hxg3 {[%emt 0:01:23]} 31. hxg3 {[%emt 0:00:06]} c5 {[%emt 0:02:24]} 32. Qe3 {[%emt 0:07:06]} Bd6 {[%emt 0:04:57]} 33. Bd5 {[%emt 0:01:51]} c4 {[%emt 0:00:18]} 34. Rd1 {[%emt 0:00:59]} Bc6 {[%emt 0:00:56]} 35. Bxc4 {[%emt 0:02:12]} Ba4 {[%emt 0:00:44]} 36. b3 {[%emt 0:01:34]} Bb5 {[%emt 0:00:04]} 37. Bxb5 {[%emt 0:01:25]} axb5 {[%emt 0:00:05]} 38. c3 {[%emt 0:00:22]} Bf8 {[%emt 0:01:46]} 39. Rd5 {[%emt 0:00:35]} Qe6 {[%emt 0:03:30]} 40. Rxb5 {[%emt 0:00:00]} Bd6 {[%emt 0:00:00]} 41. Rd5 {[%emt 0:20:13]} Rh8 {[%emt 0:00:57]} 42. g4 {[%emt 0:00:11]} Qe7 {[%emt 0:00:11]} 43. Qf2 {[%emt 0:00:44]} Bb8 {[%emt 0:04:12]} 44. b4 {[%emt 0:02:25]} Qe8 {[%emt 0:00:15]} 45. Rd1 {[%emt 0:00:37]} Qc6 {[%emt 0:00:51]} 46. Qe3 {[%emt 0:01:09]} Qa4 {[%emt 0:02:17]} 47. Qd2 {[%emt 0:00:34]} Qc6 {[%emt 0:00:53]} 48. Rh1 {[%emt 0:01:16]} Rxh1 {[%emt 0:00:18]} 49. Kxh1 {[%emt 0:00:04]} Bc7 {[%emt 0:00:24]} 50. Bf2 {[%emt 0:00:46]} b6 {[%emt 0:00:07]} 51. a6 {[%emt 0:03:08]} Qc4 {[%emt 0:00:09]} 52. a7 {[%emt 0:02:32]} Qa6 {[%emt 0:00:22]} 53. Kg2 {[%emt 0:01:35]} Qxa7 {[%emt 0:00:05]} 54. Qd7 {[%emt 0:00:18]} Qb8 {[%emt 0:00:19]} 55. b5 {[%emt 0:00:23]} Bd8 {[%emt 0:02:13]} 56. Qc6 {[%emt 0:00:33]} Bc7 {[%emt 0:00:06]} 57. c4 {[%emt 0:00:29]} Qd8 {[%emt 0:00:26]} 58. Qd5 {[%emt 0:00:09]} Qe8 {[%emt 0:03:29]} 59. Be3 {[%emt 0:00:25]} Kg8 {[%emt 0:01:26]} 60. Bf2 {[%emt 0:01:06]} Kg7 {[%emt 0:00:19]} 61. Bh4 {[%emt 0:01:55]} Qb8 {[%emt 0:03:25]} 62. Qd7 {[%emt 0:01:35]} Bd6 {[%emt 0:01:01]} 63. Qd8 {[%emt 0:01:03]} Qxd8 {[%emt 0:00:32]} 64. Bxd8 {[%emt 0:00:04]} Bc5 {[%emt 0:00:07]} 65. g5 {[%emt 0:01:04]} Kf8 {[%emt 0:00:26]} 66. Bc7 {[%emt 0:02:22]} Bd4 {[%emt 0:00:23]} 67. f4 {[%emt 0:01:02]} exf4 {[%emt 0:00:34]} 68. Kf3 {[%emt 0:00:18]} Ke7 {[%emt 0:00:46]} 69. Bxf4 {[%emt 0:01:44]} Ke6 {[%emt 0:00:06]} 70. Bc7 {[%emt 0:00:29]} Bc5 {[%emt 0:00:53]} 71. Bf4 {[%emt 0:00:17]} Be7 {[%emt 0:00:14]} 72. Be3 {[%emt 0:00:10]} Bd8 {[%emt 0:00:08]} 73. Bd4 {[%emt 0:00:06]} Bc7 {[%emt 0:00:18]} 74. Bf6 {[%emt 0:00:19]} Bd6 {[%emt 0:00:33]} 75. Ke3 {[%emt 0:00:19]} Bc7 {[%emt 0:00:36]} 76. Kd3 {[%emt 0:00:09]} Bd6 {[%emt 0:00:18]} 77. Bd4 {[%emt 0:00:09]} Bc7 {[%emt 0:00:20]} 78. Kc2 {[%emt 0:01:03]} Bd8 {[%emt 0:00:13]} 79. Kd3 {[%emt 0:00:13]} Bc7 {[%emt 0:00:11]} 80. c5 {[%emt 0:00:08]} bxc5 {[%emt 0:00:27]} 81. Bxc5 {[%emt 0:00:02]} f6 {[%emt 0:00:13]} 82. b6 {[%emt 0:02:01]} Bb8 {[%emt 0:00:23]} 83. gxf6 {[%emt 0:01:39]} Kxf6 {[%emt 0:00:01]} 84. Be3 {[%emt 0:00:24]} g5 {[%emt 0:00:24]} 85. Kd4 {[%emt 0:00:14]} g4 {[%emt 0:00:09]} 86. Kd5 {[%emt 0:00:09]} g3 {[%emt 0:00:35]} 87. Bd4+ {[%emt 0:00:22]} Ke7 {[%emt 0:00:31]} 88. e5 {[%emt 0:00:12]} g2 {[%emt 0:00:07]} 89. Bc5+ {[%emt 0:00:09]} Kf7 {[%emt 0:00:42]} 90. b7 {[%emt 0:00:46]} Ke8 {[%emt 0:00:43]} 91. e6 {[%emt 0:00:15]} Kd8 {[%emt 0:00:40]} 92. Ke4 {[%emt 0:01:39]} Ke8 {[%emt 0:00:43]} 93. Kf5 {[%emt 0:00:23]} Kd8 {[%emt 0:00:29]} 94. Kg6 {[%emt 0:00:52]} Ke8 {[%emt 0:00:12]} 95. Kf6 {[%emt 0:00:08]} Bc7 {[%emt 0:00:42]} 96. Ba7 {[%emt 0:00:42]} Kf8 {[%emt 0:02:03]} 97. Kf5 {[%emt 0:00:36]} Ke7 {[%emt 0:00:30]} 98. Bc5+ {[%emt 0:00:11]} Ke8 {[%emt 0:00:06]} 99. Ke4 {[%emt 0:00:38]} Bb8 {[%emt 0:00:07]} 100. Kf3 {[%emt 0:00:46]} g1=Q {[%emt 0:00:15]} 101. Bxg1 {[%emt 0:00:02]} Ke7 {[%emt 0:00:06]} 102. Ke4 {[%emt 0:00:25]} Kxe6 {[%emt 0:00:06]} 103. Bb6 {[%emt 0:00:53]} Kd6 {[%emt 0:00:06]} 1/2-1/2

[Event "ROU-chT 1st League 2019"]
[Site "Mamaia"]
[Date "2019.09.28"]
[Round "8.5"]
[White "Anton, Teodor"]
[Black "Nevednichy, Vladislav"]
[Result "1-0"]
[WhiteElo "2445"]
[BlackElo "2522"]
[Annotator "ChessBase"]
[PlyCount "129"]
[EventDate "2019.09.21"]
[EventType "team-tourn"]
[EventCountry "ROU"]
[SourceTitle "playchess.com"]
[Source "ChessBase"]
[SourceQuality "1"]
[TimeControl "40/5400+30:1800+30"]

1. d4 {[%emt 0:00:00]} Nf6 {[%emt 0:00:00]} 2. c4 {[%emt 0:00:00]} e6 {[%emt 0:00:33]} 3. Nc3 {[%emt 0:00:00]} d5 {[%emt 0:01:39]} 4. Bg5 {[%emt 0:00:09]} Nbd7 {[%emt 0:05:36]} 5. e3 {[%emt 0:00:43]} c6 {[%emt 0:01:01]} 6. Nf3 {[%emt 0:01:54]} Qa5 {[%emt 0:02:01]} 7. Nd2 {[%emt 0:01:17]} Bb4 {[%emt 0:01:21]} 8. Qc2 {[%emt 0:00:43]} O-O {[%emt 0:01:37]} 9. Be2 {[%emt 0:01:11]} c5 {[%emt 0:05:14]} 10. Nb3 {[%emt 0:06:29]} Bxc3+ {[%emt 0:09:01]} 11. bxc3 {[%emt 0:00:37]} Qa4 {[%emt 0:00:51]} 12. cxd5 {[%emt 0:08:55]} exd5 {[%emt 0:17:38]} 13. Bxf6 {[%emt 0:02:56]} Nxf6 {[%emt 0:00:08]} 14. dxc5 {[%emt 0:00:51]} Be6 {[%emt 0:04:22]} 15. O-O {[%emt 0:09:47]} Rfc8 {[%emt 0:01:36]} 16. Rfd1 {[%emt 0:00:24]} a5 {[%emt 0:10:50]} 17. Qb2 {[%emt 0:06:04]} Qe8 {[%emt 0:02:38]} 18. Rac1 {[%emt 0:13:06]} a4 {[%emt 0:09:08]} 19. Nd4 {[%emt 0:00:41]} Rxc5 {[%emt 0:01:02]} 20. Qxb7 {[%emt 0:00:49]} Bd7 {[%emt 0:07:19]} 21. Qb4 {[%emt 0:02:41]} Rac8 {[%emt 0:02:44]} 22. Rc2 {[%emt 0:03:37]} Qf8 {[%emt 0:08:43]} 23. Rdc1 {[%emt 0:01:44]} Rb8 {[%emt 0:00:15]} 24. Qa3 {[%emt 0:00:27]} h6 {[%emt 0:01:03]} 25. h3 {[%emt 0:05:26]} Rc7 {[%emt 0:02:22]} 26. Qxf8+ {[%emt 0:00:10]} Kxf8 {[%emt 0:00:01]} 27. Bd3 {[%emt 0:00:44]} Ke7 {[%emt 0:02:26]} 28. Kf1 {[%emt 0:00:18]} Ne8 {[%emt 0:00:07]} 29. c4 {[%emt 0:00:32]} dxc4 {[%emt 0:00:16]} 30. Rxc4 {[%emt 0:01:29]} Rxc4 {[%emt 0:00:04]} 31. Rxc4 {[%emt 0:00:11]} Rb2 {[%emt 0:00:20]} 32. Rc2 {[%emt 0:00:34]} Rb1+ {[%emt 0:00:20]} 33. Ke2 {[%emt 0:00:11]} Rg1 {[%emt 0:00:41]} 34. Kf3 {[%emt 0:03:08]} Nd6 {[%emt 0:01:03]} 35. e4 {[%emt 0:04:55]} f6 {[%emt 0:00:03]} 36. h4 {[%emt 0:00:26]} g5 {[%emt 0:00:44]} 37. hxg5 {[%emt 0:00:31]} hxg5 {[%emt 0:00:21]} 38. Ne2 {[%emt 0:03:18]} Ra1 {[%emt 0:00:25]} 39. Ke3 {[%emt 0:00:26]} Nf7 {[%emt 0:02:22]} 40. Nd4 {[%emt 0:00:00]} Ne5 {[%emt 0:00:00]} 41. Be2 {[%emt 0:01:54]} Rg1 {[%emt 0:04:26]} 42. g3 {[%emt 0:00:26]} Kd6 {[%emt 0:04:43]} 43. Nb5+ {[%emt 0:10:52]} Ke7 {[%emt 0:04:39]} 44. Na3 {[%emt 0:04:43]} Be6 {[%emt 0:03:02]} 45. Kd4 {[%emt 0:06:34]} g4 {[%emt 0:06:50]} 46. Nc4 {[%emt 0:03:39]} Nc6+ {[%emt 0:05:16]} 47. Kc5 {[%emt 0:00:56]} Ne5 {[%emt 0:00:21]} 48. Nxe5 {[%emt 0:03:27]} fxe5 {[%emt 0:00:02]} 49. Kb4 {[%emt 0:00:41]} Ra1 {[%emt 0:01:43]} 50. Ka3 {[%emt 0:01:43]} Kd6 {[%emt 0:01:36]} 51. Bb5 {[%emt 0:01:26]} Re1 {[%emt 0:01:03]} 52. Kxa4 {[%emt 0:06:08]} Rxe4+ {[%emt 0:00:08]} 53. Ka5 {[%emt 0:00:03]} Re1 {[%emt 0:00:37]} 54. Kb6 {[%emt 0:00:09]} e4 {[%emt 0:01:17]} 55. a4 {[%emt 0:01:07]} e3 {[%emt 0:00:29]} 56. fxe3 {[%emt 0:00:06]} Rxe3 {[%emt 0:00:03]} 57. Rd2+ {[%emt 0:00:45]} Ke5 {[%emt 0:00:53]} 58. Re2 {[%emt 0:00:12]} Rxe2 {[%emt 0:00:51]} 59. Bxe2 {[%emt 0:00:05]} Ke4 {[%emt 0:00:03]} 60. a5 {[%emt 0:00:36]} Ke3 {[%emt 0:00:02]} 61. Bb5 {[%emt 0:00:17]} Kf2 {[%emt 0:00:15]} 62. a6 {[%emt 0:00:14]} Bd5 {[%emt 0:00:04]} 63. Bc6 {[%emt 0:00:14]} Bxc6 {[%emt 0:00:04]} 64. Kxc6 {[%emt 0:00:04]} Kxg3 {[%emt 0:00:02]} 65. a7 {[%emt 0:00:04]} 1-0

[Event "ROU-chT 1st League 2019"]
[Site "Mamaia"]
[Date "2019.09.28"]
[Round "8.6"]
[White "Costachi, Mihnea"]
[Black "Banzea, Alexandru-Bogdan"]
[Result "1/2-1/2"]
[WhiteElo "2463"]
[BlackElo "2401"]
[Annotator "ChessBase"]
[PlyCount "60"]
[EventDate "2019.09.21"]
[EventType "team-tourn"]
[EventCountry "ROU"]
[SourceTitle "playchess.com"]
[Source "ChessBase"]
[SourceQuality "1"]
[TimeControl "40/5400+30:1800+30"]

1. Nf3 {[%emt 0:00:00]} Nf6 {[%emt 0:00:00]} 2. d4 {[%emt 0:00:20]} d5 {[%emt 0:00:24]} 3. c4 {[%emt 0:00:24]} e6 {[%emt 0:00:45]} 4. Nc3 {[%emt 0:00:42]} Be7 {[%emt 0:00:24]} 5. Bf4 {[%emt 0:04:37]} O-O {[%emt 0:01:19]} 6. e3 {[%emt 0:00:03]} Nbd7 {[%emt 0:01:58]} 7. c5 {[%emt 0:03:51]} c6 {[%emt 0:05:28]} 8. Bd3 {[%emt 0:00:45]} b6 {[%emt 0:05:46]} 9. b4 {[%emt 0:00:16]} a5 {[%emt 0:05:02]} 10. a3 {[%emt 0:00:15]} Ba6 {[%emt 0:00:36]} 11. O-O {[%emt 0:04:02]} Qc8 {[%emt 0:10:09]} 12. h3 {[%emt 0:02:47]} Qb7 {[%emt 0:02:13]} 13. Qc2 {[%emt 0:05:53]} Bxd3 {[%emt 0:00:24]} 14. Qxd3 {[%emt 0:00:03]} axb4 {[%emt 0:00:12]} 15. axb4 {[%emt 0:00:07]} Rxa1 {[%emt 0:00:07]} 16. Rxa1 {[%emt 0:00:03]} Ra8 {[%emt 0:00:16]} 17. Qb1 {[%emt 0:03:56]} Ra6 {[%emt 0:02:37]} 18. Rxa6 {[%emt 0:06:44]} Qxa6 {[%emt 0:00:10]} 19. b5 {[%emt 0:00:41]} Qb7 {[%emt 0:02:38]} 20. bxc6 {[%emt 0:06:04]} Qxc6 {[%emt 0:00:39]} 21. cxb6 {[%emt 0:00:07]} Qxb6 {[%emt 0:00:53]} 22. Qxb6 {[%emt 0:00:49]} Nxb6 {[%emt 0:00:09]} 23. Ne5 {[%emt 0:00:23]} Kf8 {[%emt 0:00:37]} 24. Kf1 {[%emt 0:00:20]} Ke8 {[%emt 0:00:27]} 25. Ke2 {[%emt 0:00:23]} h6 {[%emt 0:00:22]} 26. g4 {[%emt 0:02:31]} Nfd7 {[%emt 0:00:22]} 27. Nd3 {[%emt 0:00:41]} Nf6 {[%emt 0:00:58]} 28. Ne5 {[%emt 0:00:41]} Nfd7 {[%emt 0:00:44]} 29. Nd3 {[%emt 0:00:06]} Nf6 {[%emt 0:00:19]} 30. Ne5 {[%emt 0:00:04]} Nfd7 {[%emt 0:00:09]} 1/2-1/2

[Event "ROU-chT 1st League 2019"]
[Site "Mamaia"]
[Date "2019.09.28"]
[Round "8.7"]
[White "Macovei, Andrei"]
[Black "Zubov, Alexander"]
[Result "1/2-1/2"]
[WhiteElo "2426"]
[BlackElo "2612"]
[Annotator "ChessBase"]
[PlyCount "38"]
[EventDate "2019.09.21"]
[EventType "team-tourn"]
[EventCountry "ROU"]
[SourceTitle "playchess.com"]
[Source "ChessBase"]
[SourceQuality "1"]
[TimeControl "40/5400+30:1800+30"]

1. e4 {[%emt 0:01:14]} g6 {[%emt 0:00:00]} 2. d4 {[%emt 0:01:38]} Bg7 {[%emt 0:00:00]} 3. Nf3 {[%emt 0:00:46]} d6 {[%emt 0:00:49]} 4. c3 {[%emt 0:00:23]} Nf6 {[%emt 0:00:58]} 5. Bd3 {[%emt 0:00:06]} O-O {[%emt 0:00:18]} 6. O-O {[%emt 0:00:09]} Nc6 {[%emt 0:00:42]} 7. h3 {[%emt 0:00:24]} e5 {[%emt 0:00:22]} 8. Re1 {[%emt 0:00:14]} h6 {[%emt 0:02:23]} 9. Be3 {[%emt 0:03:00]} exd4 {[%emt 0:12:53]} 10. cxd4 {[%emt 0:00:52]} Nb4 {[%emt 0:00:06]} 11. Nc3 {[%emt 0:00:02]} Nxd3 {[%emt 0:00:07]} 12. Qxd3 {[%emt 0:00:02]} Re8 {[%emt 0:01:18]} 13. d5 {[%emt 0:05:31]} Bd7 {[%emt 0:15:33]} 14. Rad1 {[%emt 0:13:04]} Qe7 {[%emt 0:17:49]} 15. Bd4 {[%emt 0:16:51]} c5 {[%emt 0:03:46]} 16. dxc6 {[%emt 0:15:00]} Bxc6 {[%emt 0:00:12]} 17. Nh2 {[%emt 0:10:56]} a6 {[%emt 0:06:15]} 18. Ng4 {[%emt 0:01:31]} Nxg4 {[%emt 0:00:33]} 19. hxg4 {[%emt 0:00:07]} Be5 {[%emt 0:00:33]} 1/2-1/2

[Event "ROU-chT 1st League 2019"]
[Site "Mamaia"]
[Date "2019.09.28"]
[Round "8.8"]
[White "Sivuk, Vitaly"]
[Black "Schitco, Ivan"]
[Result "1/2-1/2"]
[WhiteElo "2559"]
[BlackElo "2492"]
[Annotator "ChessBase"]
[PlyCount "98"]
[EventDate "2019.09.21"]
[EventType "team-tourn"]
[EventCountry "ROU"]
[SourceTitle "playchess.com"]
[Source "ChessBase"]
[SourceQuality "1"]
[TimeControl "40/5400+30:1800+30"]

1. d4 {[%emt 0:00:00]} Nf6 {[%emt 0:01:15]} 2. c4 {[%emt 0:00:00]} e6 {[%emt 0:00:13]} 3. Nc3 {[%emt 0:00:00]} d5 {[%emt 0:00:20]} 4. cxd5 {[%emt 0:00:06]} exd5 {[%emt 0:00:09]} 5. Bg5 {[%emt 0:00:08]} c6 {[%emt 0:00:34]} 6. e3 {[%emt 0:00:14]} Nbd7 {[%emt 0:00:30]} 7. Bd3 {[%emt 0:00:12]} Be7 {[%emt 0:00:23]} 8. Nge2 {[%emt 0:00:14]} h6 {[%emt 0:01:08]} 9. Bh4 {[%emt 0:00:15]} Nh5 {[%emt 0:00:21]} 10. Bxe7 {[%emt 0:00:13]} Qxe7 {[%emt 0:00:04]} 11. O-O {[%emt 0:00:18]} O-O {[%emt 0:00:47]} 12. Qd2 {[%emt 0:00:09]} Nb6 {[%emt 0:01:39]} 13. Rae1 {[%emt 0:00:18]} Bd7 {[%emt 0:07:17]} 14. Nc1 {[%emt 0:02:03]} Rae8 {[%emt 0:05:06]} 15. Nb3 {[%emt 0:00:31]} Bc8 {[%emt 0:10:55]} 16. a3 {[%emt 0:02:38]} Qd8 {[%emt 0:07:02]} 17. Nc5 {[%emt 0:01:56]} Nf6 {[%emt 0:07:55]} 18. f3 {[%emt 0:06:51]} Nfd7 {[%emt 0:05:23]} 19. b4 {[%emt 0:02:12]} f5 {[%emt 0:01:51]} 20. Ne2 {[%emt 0:05:45]} Nc4 {[%emt 0:06:52]} 21. Bxc4 {[%emt 0:00:40]} dxc4 {[%emt 0:00:17]} 22. Qc3 {[%emt 0:03:48]} b5 {[%emt 0:05:04]} 23. Nxd7 {[%emt 0:04:28]} Qxd7 {[%emt 0:01:08]} 24. Qd2 {[%emt 0:08:51]} Qd6 {[%emt 0:03:17]} 25. Nc3 {[%emt 0:00:35]} a5 {[%emt 0:01:33]} 26. Qb2 {[%emt 0:06:17]} f4 {[%emt 0:06:06]} 27. Ne4 {[%emt 0:00:48]} Qd8 {[%emt 0:01:10]} 28. bxa5 {[%emt 0:03:47]} fxe3 {[%emt 0:02:38]} 29. Qc3 {[%emt 0:01:41]} Re7 {[%emt 0:03:44]} 30. Rxe3 {[%emt 0:01:23]} Ra7 {[%emt 0:00:58]} 31. Rfe1 {[%emt 0:03:45]} Qxa5 {[%emt 0:01:13]} 32. Qxa5 {[%emt 0:02:07]} Rxa5 {[%emt 0:00:01]} 33. Nd6 {[%emt 0:00:23]} Bf5 {[%emt 0:03:03]} 34. d5 {[%emt 0:21:00]} cxd5 {[%emt 0:01:49]} 35. Re5 {[%emt 0:01:09]} Bg6 {[%emt 0:02:26]} 36. Rxd5 {[%emt 0:00:09]} c3 {[%emt 0:05:58]} 37. Rc1 {[%emt 0:14:39]} c2 {[%emt 0:05:29]} 38. Ne4 {[%emt 0:00:09]} Rc8 {[%emt 0:00:29]} 39. Rd2 {[%emt 0:00:31]} Rxa3 {[%emt 0:00:33]} 40. Rdxc2 {[%emt 0:00:00]} Rxc2 {[%emt 0:00:00]} 41. Rxc2 {[%emt 0:00:11]} b4 {[%emt 0:00:50]} 42. Rc8+ {[%emt 0:00:22]} Kh7 {[%emt 0:00:20]} 43. Rb8 {[%emt 0:00:16]} b3 {[%emt 0:00:19]} 44. Rb7 {[%emt 0:00:38]} Bf5 {[%emt 0:03:11]} 45. h4 {[%emt 0:00:31]} Bc8 {[%emt 0:02:02]} 46. Rb6 {[%emt 0:00:45]} Bf5 {[%emt 0:02:05]} 47. Kh2 {[%emt 0:00:49]} Bxe4 {[%emt 0:00:25]} 48. fxe4 {[%emt 0:00:06]} Ra4 {[%emt 0:00:04]} 49. Rxb3 {[%emt 0:00:05]} Rxe4 {[%emt 0:00:03]} 1/2-1/2

[Event "ROU-chT 1st League 2019"]
[Site "Mamaia"]
[Date "2019.09.28"]
[Round "8.9"]
[White "Dicu, Razvan-Stefan"]
[Black "Georgescu, Tiberiu-Marian"]
[Result "1/2-1/2"]
[WhiteElo "2291"]
[BlackElo "2508"]
[Annotator "ChessBase"]
[PlyCount "121"]
[EventDate "2019.09.21"]
[EventType "team-tourn"]
[EventCountry "ROU"]
[SourceTitle "playchess.com"]
[Source "ChessBase"]
[SourceQuality "1"]
[TimeControl "40/5400+30:1800+30"]

1. e4 {[%emt 0:00:00]} c6 {[%emt 0:00:23]} 2. c4 {[%emt 0:00:32]} d5 {[%emt 0:00:06]} 3. exd5 {[%emt 0:00:38]} cxd5 {[%emt 0:00:05]} 4. d4 {[%emt 0:01:19]} Nf6 {[%emt 0:00:04]} 5. Nc3 {[%emt 0:00:05]} Nc6 {[%emt 0:00:04]} 6. Nf3 {[%emt 0:00:23]} Be6 {[%emt 0:00:09]} 7. c5 {[%emt 0:01:23]} g6 {[%emt 0:00:52]} 8. Bb5 {[%emt 0:01:33]} Bg7 {[%emt 0:00:27]} 9. Ne5 {[%emt 0:00:49]} Bd7 {[%emt 0:01:16]} 10. Nxd7 {[%emt 0:00:55]} Qxd7 {[%emt 0:05:40]} 11. O-O {[%emt 0:01:00]} O-O {[%emt 0:00:07]} 12. h3 {[%emt 0:11:31]} Rfd8 {[%emt 0:08:29]} 13. Re1 {[%emt 0:13:52]} Ne4 {[%emt 0:04:56]} 14. Be3 {[%emt 0:39:25]} Nxc5 {[%emt 0:05:18]} 15. dxc5 {[%emt 0:00:04]} d4 {[%emt 0:00:08]} 16. Bxd4 {[%emt 0:01:25]} Bxd4 {[%emt 0:02:00]} 17. Qf3 {[%emt 0:02:30]} Bxc5 {[%emt 0:07:06]} 18. Rad1 {[%emt 0:04:13]} Qf5 {[%emt 0:11:49]} 19. Rxd8+ {[%emt 0:00:53]} Rxd8 {[%emt 0:03:12]} 20. Bxc6 {[%emt 0:00:06]} bxc6 {[%emt 0:00:13]} 21. Qxf5 {[%emt 0:00:07]} gxf5 {[%emt 0:00:04]} 22. Re5 {[%emt 0:00:08]} Bb4 {[%emt 0:15:20]} 23. Rxf5 {[%emt 0:00:07]} Rd2 {[%emt 0:01:57]} 24. Na4 {[%emt 0:00:40]} Rd1+ {[%emt 0:05:57]} 25. Kh2 {[%emt 0:00:07]} Rd4 {[%emt 0:00:57]} 26. Nc5 {[%emt 0:10:39]} Rd2 {[%emt 0:03:55]} 27. a3 {[%emt 0:01:13]} Bxc5 {[%emt 0:04:55]} 28. Rxc5 {[%emt 0:00:19]} Rxf2 {[%emt 0:10:39]} 29. b4 {[%emt 0:00:53]} Ra2 {[%emt 0:00:07]} 30. Ra5 {[%emt 0:00:15]} f5 {[%emt 0:00:45]} 31. Rxa7 {[%emt 0:02:24]} Kf7 {[%emt 0:00:24]} 32. Kg3 {[%emt 0:00:32]} Kf6 {[%emt 0:01:51]} 33. Ra6 {[%emt 0:03:23]} Ke5 {[%emt 0:01:31]} 34. Kf3 {[%emt 0:00:04]} Rb2 {[%emt 0:00:36]} 35. Ra5+ {[%emt 0:00:24]} Kf6 {[%emt 0:00:46]} 36. g4 {[%emt 0:02:24]} e5 {[%emt 0:00:54]} 37. gxf5 {[%emt 0:00:04]} Kxf5 {[%emt 0:00:05]} 38. Rc5 {[%emt 0:01:07]} Rb3+ {[%emt 0:00:36]} 39. Kg2 {[%emt 0:00:11]} Kf4 {[%emt 0:01:49]} 40. Rxc6 {[%emt 0:00:00]} Rg3+ {[%emt 0:00:00]} 41. Kh2 {[%emt 0:02:36]} Rxa3 {[%emt 0:05:07]} 42. Rf6+ {[%emt 0:05:22]} Ke3 {[%emt 0:00:15]} 43. b5 {[%emt 0:00:19]} Rb3 {[%emt 0:02:43]} 44. b6 {[%emt 0:00:07]} e4 {[%emt 0:00:26]} 45. h4 {[%emt 0:04:06]} Kd2 {[%emt 0:12:01]} 46. Rd6+ {[%emt 0:03:20]} Ke2 {[%emt 0:02:50]} 47. Rh6 {[%emt 0:00:17]} e3 {[%emt 0:01:22]} 48. Rxh7 {[%emt 0:01:08]} Rxb6 {[%emt 0:00:09]} 49. h5 {[%emt 0:03:02]} Rd6 {[%emt 0:12:27]} 50. Kg3 {[%emt 0:00:41]} Kd3 {[%emt 0:01:29]} 51. Re7 {[%emt 0:09:32]} e2 {[%emt 0:00:17]} 52. Kf4 {[%emt 0:00:32]} Rd5 {[%emt 0:00:49]} 53. Kg4 {[%emt 0:02:18]} Kd2 {[%emt 0:00:27]} 54. h6 {[%emt 0:00:11]} e1=Q {[%emt 0:00:31]} 55. Rxe1 {[%emt 0:00:06]} Kxe1 {[%emt 0:00:03]} 56. h7 {[%emt 0:00:03]} Rd8 {[%emt 0:00:06]} 57. Kg5 {[%emt 0:00:04]} Kf2 {[%emt 0:00:05]} 58. Kg6 {[%emt 0:00:04]} Kg3 {[%emt 0:00:03]} 59. Kg7 {[%emt 0:00:04]} Kg4 {[%emt 0:00:03]} 60. h8=Q {[%emt 0:00:07]} Rxh8 {[%emt 0:00:03]} 61. Kxh8 {[%emt 0:00:05]} 1/2-1/2